000 00711nam a22002057a 4500
005 20230328113905.0
008 230328b sp ||||| |||| 00| 0 spa d
050 0 4 _aNA2620
_bG88 1967
100 1 _aGutmann, Robert
240 1 0 _aLadengestaltung
_lespañol.
245 1 _aConstrucción y decoración de tiendas
_c / Robert Gutmann, Alexander Koch autores ; traducido por A. Rodríguez Arias
250 _a1a ed.
260 _aBarcelona, España :
_bBlume,
_c1967.
300 _a240 p. :
_bil. ;
_c30 cm.
650 7 _2lemb
_aEdificios comerciales
_xConstrucción
650 7 _2lemb
_aComercios
_xDecoración
700 1 _aKoch, Alexander
_eautor
700 1 _aRodríguez Arias, A.,
_etraductor
942 _2lcc
_cLIB
999 _c60672
_d60672